MARC details
| 000 -CABECERA |
| campo de control de longitud fija |
01579nam a2200337 i 4500 |
| 003 - IDENTIFICADOR DEL NÚMERO DE CONTROL |
| campo de control |
DO-SdBNP |
| 005 - FECHA Y HORA DE LA ÚLTIMA TRANSACCIÓN |
| campo de control |
20260514085654.0 |
| 007 - CAMPO FIJO DE DESCRIPCIÓN FÍSICA--INFORMACIÓN GENERAL |
| campo de control de longitud fija |
ta |
| 008 - DATOS DE LONGITUD FIJA--INFORMACIÓN GENERAL |
| campo de control de longitud fija |
260513e2025 dr ac||jr| |||| |bspa ||spa| |
| 020 ## - NÚMERO INTERNACIONAL ESTÁNDAR DEL LIBRO |
| Número Internacional Estándar del Libro |
9789945245554 |
| 040 ## - FUENTE DE LA CATALOGACIÓN |
| Centro catalogador/agencia de origen |
DO-SdBNP |
| Lengua de catalogación |
spa |
| Centro/agencia transcriptor |
BNPHU |
| Normas de descripción |
rda |
| 041 ## - CÓDIGO DE LENGUA |
| Código de lengua del texto/banda sonora o título independiente |
spa |
| 082 0# - NÚMERO DE LA CLASIFICACIÓN DECIMAL DEWEY |
| Número de clasificación |
808.8 |
| Número de edición |
S847i 2025 |
| Número de documento/Ítem |
22 |
| 100 1# - ENTRADA PRINCIPAL--NOMBRE DE PERSONA |
| Nombre de persona |
Stevenson, Robert Louis, |
| Fechas asociadas al nombre |
1850-1894 |
| 9 (RLIN) |
32734 |
| Término indicativo de función/relación |
autor |
| 245 0# - MENCIÓN DE TÍTULO |
| Título |
La isla del tesoro / |
| Mención de responsabilidad, etc. |
Robert Louis Stevenson. |
| 246 ## - FORMA VARIANTE DE TÍTULO |
| Título propio/Titulo breve |
The Sea Cook: A Story For Boys. |
| 264 ## - PRODUCCIÓN, PUBLICACIÓN, DISTRIBUCIÓN, FABRICACIÓN Y COPYRIGHT |
| Producción, publicación, distribución, fabricación y copyright |
Santo Domingo, República Dominicana : |
| Nombre del de productor, editor, distribuidor, fabricante |
Editorial Santillana, |
| Fecha de producción, publicación, distribución, fabricación o copyright |
2025. |
| 300 4# - DESCRIPCIÓN FÍSICA |
| Extensión |
379 páginas : |
| Otras características físicas |
ilustraciones, pintura ; |
| Dimensiones |
22 x 15 cm. |
| 336 ## - TIPO DE CONTENIDO |
| Término de tipo de contenido |
texto |
| Código de tipo de contenido |
txt |
| Fuente |
rdacontent |
| 337 ## - TIPO DE MEDIO |
| Nombre/término del tipo de medio |
sin mediación |
| Código del tipo de medio |
n |
| Fuente |
rdamedia |
| 338 ## - TIPO DE SOPORTE |
| Nombre/término del tipo de soporte |
volumen |
| Código del tipo de soporte |
nc |
| Fuente |
dacarrier |
| 490 ## - MENCIÓN DE SERIE |
| Mención de serie |
Colección Clásicos Loqueleo |
| 500 ## - NOTA GENERAL |
| Nota general |
Incluye biografía del autor en la solapa. |
| 520 ## - SUMARIO, ETC. |
| Sumario, etc. |
En el inmenso mundo de la literatura clásica, pocas obras capturan la esencia de la aventura y el espíritu de exploración con la maestría que lo hace La Isla del Tesoro de Robert Louis Stevenson. Jim Hawkins, nuestro joven protagonista, nos sumerge en un mundo lleno de intriga y peligro, en una historia sobre búsqueda de tesoros y enfrentamientos en alta mar donde cada decisión puede cambiar el rumbo de la vida. |
| 590 ## - NOTA LOCAL (RLIN) |
| Nota local |
Inventariado, 2026/WG. |
| 650 #0 - PUNTO DE ACCESO ADICIONAL DE MATERIA--TÉRMINO DE MATERIA |
| Término de materia o nombre geográfico como elemento de entrada |
Literatura dominicana |
| Subdivisión general |
Colecciones de escritos |
| 9 (RLIN) |
67 |
| 650 ## - PUNTO DE ACCESO ADICIONAL DE MATERIA--TÉRMINO DE MATERIA |
| 9 (RLIN) |
32735 |
| Término de materia o nombre geográfico como elemento de entrada |
Novela inglesa |
| Subdivisión cronológica |
Siglo XIX |
| 650 #0 - PUNTO DE ACCESO ADICIONAL DE MATERIA--TÉRMINO DE MATERIA |
| Término de materia o nombre geográfico como elemento de entrada |
Historias de aventuras |
| 9 (RLIN) |
22460 |
| 900 ## - ELEMENTOS DE DATOS A LOCAL, LDA (RLIN) |
| Nombre de persona |
Inventariado, 2026/WG. |
| 942 ## - ELEMENTOS DE PUNTO DE ACCESO ADICIONAL (KOHA) |
| Fuente del sistema de clasificación o colocación |
Dewey Decimal Classification |
| Tipo de ítem Koha |
Libro |